A structure of science.

Bibliographic Details
Main Author: Simons, J. H. (Joseph H.), 1897-
Format: Book
Language:English
Published: New York : Philosophical Library, 1960.
Subjects:

MARC

Tag First Indicator Second Indicator Subfields
LEADER 00000cam a2200000 4500
001 in00000040906
005 20151007064726.0
008 750818s1960 nyu 00000 eng u
010 |a  60013640  
035 |a (OCoLC)01555767 
035 |9 AAE0463AM 
040 |c DZM  |d TXA  |d UtOrBLW 
049 |a TXAM  |c [324531] 
050 0 0 |a Q175  |b .S565 
082 0 |a 501 
092 |a 501  |b S611s, 1960 
100 1 |a Simons, J. H.  |q (Joseph H.),  |d 1897- 
245 1 2 |a A structure of science. 
264 1 |a New York :  |b Philosophical Library,  |c 1960. 
300 |a 269 pages ;  |c 23 cm 
336 |a text  |b txt  |2 rdacontent 
337 |a unmediated  |b n  |2 rdamedia 
338 |a volume  |b nc  |2 rdacarrier 
650 0 |a Science  |x Philosophy. 
650 0 |a Science  |x Methodology. 
999 |a MARS 
999 f f |s 4ea371ac-a411-3ccc-867f-91fab4b464cf  |i addf08e3-7490-36cb-89d8-1b0a1f607489  |t 0 
952 f f |p ric  |a Texas A&M University  |b Rellis Campus  |c Joint Library Facility  |d Remote Storage  |t 0  |e Q175 .S565  |h Library of Congress classification  |i unmediated -- volume  |m A14800891597 
998 f f |a Q175 .S565  |t 0  |l Remote Storage